| 000 | 01368cam a22003498a 4500 | ||
|---|---|---|---|
| 001 | 15974660 | ||
| 005 | 20141120135150.0 | ||
| 008 | 091105s2010 nyu d 000 1 eng | ||
| 010 | _a 2009041042 | ||
| 020 | _a9780439023511 (hardcover) | ||
| 020 | _a0439023513 (hardcover) | ||
| 040 |
_aDLC _cDLC |
||
| 042 | _alcac | ||
| 050 | 0 | 0 |
_aPZ 7 _b.C6837Moc 2010 |
| 082 | 0 | 0 | _a[Fic] |
| 100 | 1 | _aCollins, Suzanne. | |
| 245 | 1 | 0 |
_aMockingjay / _cSuzanne Collins. |
| 250 | _a1st ed. | ||
| 260 |
_aNew York : _bScholastic Press, _c2010. |
||
| 300 |
_a390 pages : _c22 cm. |
||
| 490 | 0 |
_aThe Hunger Games ; _v#3 |
|
| 520 | _aKatniss Everdeen's having survived the Hunger games twice makes her a target of the Capitol and President Snow, as well as a hero to the rebels who will succeed only if Katniss is willing to put aside her personal feelings and serve as their pawn. | ||
| 650 | 1 |
_aInsurgency _vFiction. |
|
| 650 | 1 |
_aSurvival _vFiction. |
|
| 650 | 1 |
_aTelevision programs _vFiction. |
|
| 650 | 1 |
_aInterpersonal relations _vFiction. |
|
| 650 | 1 |
_aContests _vFiction. |
|
| 650 | 1 | _aScience fiction. | |
| 906 |
_a7 _bcbc _corignew _d1 _eecip _f20 _gy-gencatlg |
||
| 942 |
_2lcc _cBK |
||
| 999 |
_c276853 _d276853 |
||